000 00908nam a2200265 i 4500
001 17435
003 ES-MaACL
005 20230906151601.0
007 t|
008 010305s2000 sp ||||1| spa d
020 _a84-8109-288-6
080 _a821.161.1-14"19"
080 _a821.161.1-94"19"
100 1 _aAjmátova, Anna Andreevna.
_919027
245 1 0 _aRéquiem y otros escritos /
_cAnna Ajmátova ; traducción de José Manuel Prieto ; prólogo de Vladimir Leonóvich ; epílogo de Joseph Brodsky.
260 _aBarcelona :
_bGalaxia Gutenberg :
_bCírculo de Lectores,
_c[2000]
300 _a207 p. ;
_c21 p.
490 1 _aLa tragedia de la cultura
700 1 _aPrieto, José Manuel.
_993894
700 1 _aLeonóvich, Vladimir.
_971695
700 1 _aBrodsky, Joseph.
_931861
830 0 _aLa tragedia de la cultura
_9180282
852 _aES-MaACL
_jL-24379
_bR.129500
999 _c17435
_d17435